Formula One: 2017 race winners - Statistics

General Stats
  • This quiz has been taken 44 times
  • The average score is 19 of 20
Answer Stats
Race Winner % Correct
Chinese Grand Prix Lewis Hamilton
100%
Australian Grand Prix Sebastian Vettel
100%
Spanish Grand Prix Lewis Hamilton
97%
Canadian Grand Prix Lewis Hamilton
97%
British Grand Prix Lewis Hamilton
97%
Belgian Grand Prix Lewis Hamilton
97%
Italian Grand Prix Lewis Hamilton
97%
Singapore Grand Prix Lewis Hamilton
97%
Japanese Grand Prix Lewis Hamilton
97%
United States Grand Prix Lewis Hamilton
97%
Mexican Grand Prix Max Verstappen
97%
Bahrain Grand Prix Sebastian Vettel
97%
Monaco Grand Prix Sebastian Vettel
97%
Russian Grand Prix Valtteri Bottas
97%
Austrian Grand Prix Valtteri Bottas
97%
Hungarian Grand Prix Sebastian Vettel
95%
Brazilian Grand Prix Sebastian Vettel
95%
Abu Dhabi Grand Prix Valtteri Bottas
95%
Azerbaijan Grand Prix Daniel Ricciardo
92%
Malaysian Grand Prix Max Verstappen
92%
No matching quizzes found
Score Distribution
Percent of People with Each Score
Percentile by Number Answered
Your Score History
You have not taken this quiz